=LDR 00000nam 2200000 4500 =001 INLIS000000000038289 =005 20130612143949 =008 ***********************************Ind** =035 ##$$0010-061300000038289 =041 ##$$a Ind =082 ##$$a 641.5 =090 ##$$a 641.5, Erw d =100 ##$$a Erwin, Lilly T =245 ##$$a 25 cita tasa kerang, Lilly T. Erwin; Editor, Intarina Hardiaman =260 ##$$a 2011 $b Jakarta =300 ##$$a 56 hlm, Ilus, 21 cm =650 ##$$a Masakan - Resep =700 ##$$a Hardiman, Intarina =850 ##$$a NBPNMAT =990 ##$$a 0001/BPAP-NTB/20142014 =990 ##$$a 0001/BPAP-NTB/20142015